| 000 | 01006cab a2200301 4500 | ||
|---|---|---|---|
| 001 | ABS42969 | ||
| 008 | 090401t1990 xxu||||| |||| 00| 0 eng d | ||
| 035 | _a(Sirsi) u39751 | ||
| 041 | _aeng | ||
| 100 | _aMoore, M. | ||
| 245 | _aEvolving from the backroom | ||
| 260 | _c1990 | ||
| 350 | _a0 | ||
| 490 |
_aNew Builder _v(36) 31 May 1990, 26-30(5) |
||
| 520 | _aReviews changes in the image and work of quantity surveyors over the last five years as they increase their role as procurement and project managers. Considers action taken by the major companies and examines salaries in Birmingham, Bristol and London. | ||
| 650 | _aBUCKNALL AUSTIN | ||
| 650 | _aDAVIS LANGDON AND EVEREST | ||
| 650 | _aEC HARRIS | ||
| 650 | _aGARDINER & THEOBALD | ||
| 650 | _aHENRY RILEY AND SONS | ||
| 650 | _aNORTHCROFT | ||
| 650 | _aMANAGEMENT-PROJECT MANAGEMENT | ||
| 650 | _aTURNER AND TOWNSEND | ||
| 650 | _aWORKLOAD | ||
| 690 |
_aQuantity surveying _96263 |
||
| 942 | _n0 | ||
| 948 | _c04/03/1997 | ||
| 999 |
_c25449 _d25449 |
||